| 000 | 01048 a2200193 4500 | ||
|---|---|---|---|
| 003 | Nust | ||
| 005 | 20230306113850.0 | ||
| 010 | _a39000783 | ||
| 040 | _cNust | ||
| 082 | _a330,WYA | ||
| 100 |
_aWyatt, Thomas William _9109832 |
||
| 245 |
_aMoney and the machine age / _cT.W. Wyatt |
||
| 260 |
_aP.S. King & Son, Ltd., _bLondon, _c1937 |
||
| 300 |
_aix, 120 p _b19 cm |
||
| 505 | _aCure Of Unemployement (Page-11), Basic Economic Facts (Page-32), The Trade Cycle (Page-34), The Position After The War Of 1914/18 (Page-36), The Gold Standard (Page-40), The Return To The Gold Standard In 1925 (Page-48), Collapse Of Gold Standard (Page-54), Balance Of Trade (Page-68), The National Debt (Page-77), Balancing The Budget (Page-84), The Cost Fallacy (Page-87), Money And Bank Deposits (Page-93), Inflation And Deflation (Page-102), Devaluation (Page-110), Idle Money (Page-115), Finance In Peace Time (Page-116), Conclusion (Page-119). | ||
| 600 |
_aWyatt, Thomas William _9109832 |
||
| 650 |
_aMoney and the machine age _9109833 |
||
| 942 |
_2ddc _cBK |
||
| 999 |
_c184605 _d184605 |
||